| 000 | 00476nam a2200181Ia 4500 | ||
|---|---|---|---|
| 003 | LK-CoDNM | ||
| 008 | 010623t1926 xxu||||| |||| 00| 1 sin d | ||
| 040 |
_aLK-CoDNM _dLK-CoDNM _eLK-CoDNM |
||
| 041 | _asin | ||
| 080 | _a104 E.6 | ||
| 100 |
_aHevavitharana,C.A _eed. |
||
| 245 | _aවිද්යෝදය | ||
| 246 | _aVidyodaya Vol. 1 / 7 July | ||
| 260 |
_bS.K.Munasinghe _aColombo _c1926 |
||
| 300 | _b38p., 24 cm | ||
| 650 | _aTravals of Marco Polo | ||
| 942 | _cBK | ||
| 999 |
_c93638 _d93638 |
||